000 00548nam a2200109Ia 4500
008 220615s9999||||xx |||||||||||||| ||und||
245 4 _aThe Routledge Handbook of Chinese Studies
546 _aEnglish[eng]
650 _aChinese, language learning, foreign policy, Chinese political system, domestic governance, international relations, Chinese culture, Chinese literature, Chinese history, Chinese sociology, Chinese opposition, Chinese activism, Chinese people, Chinese society, Chinese studies
700 _aShei, Chris||Wei, Weixiao
942 _cEB
999 _c13893
_d13893